Catálogo Biblioteca Central

Sentencia de 25 de febrero de 1991, derecho al honor y prestigio profesional (Registro nro. 18503)

Detalles MARC
000 -CABECERA
campo de control de longitud fija 01035naa a2200253 i 4500
001 - NÚMERO DE CONTROL
campo de control 18503
003 - IDENTIFICADOR DEL NÚMERO DE CONTROL
campo de control ES-MaBCM
005 - FECHA Y HORA DE LA ÚLTIMA TRANSACCIÓN
campo de control 20241016093901.0
008 - CÓDIGOS DE INFORMACIÓN DE LONGITUD FIJA
campo de control de longitud fija 920420s1991 esp 000 0 spa d
021 ## -
-- xx
035 ## - NÚMERO DE CONTROL DEL SISTEMA
Número de control de sistema (OCoLC)1365242759
040 ## - FUENTE DE LA CATALOGACIÓN
Centro transcriptor ES-MaBCM
041 0# - CÓDIGO DE LENGUA
Código de lengua del texto/banda sonora o título independiente spa
043 ## - CÓDIGO DE ÁREA GEOGRÁFICA
Código de área geográfica esp
100 1# - PUNTO DE ACCESO PRINCIPAL - NOMBRE DE PERSONA
Nombre de persona Salvador Coderch, Pablo
9 (RLIN) 41862
245 10 - MENCIÓN DE TÍTULO
Título Sentencia de 25 de febrero de 1991, derecho al honor y prestigio profesional
Resto del título : libertad de información
Mención de responsabilidad etc. Pablo Salvador Coderch
520 ## - SUMARIO, ETC.
Sumario etc. También otro comentario a una Sentencia de 25 de marzo de 1991 sobre libertad de información y derecho al honor. Informaciones erróneas y comprobación de la verdad o falsedad de su contenido (en las pág. 441 y ss)
650 27 - PUNTO DE ACCESO ADICIONAL DE MATERIA--TÉRMINO DE MATERIA
Término de materia o nombre geográfico como elemento inicial Derecho al honor
9 (RLIN) 58292
650 #7 - PUNTO DE ACCESO ADICIONAL DE MATERIA--TÉRMINO DE MATERIA
Término de materia o nombre geográfico como elemento inicial Libertad de información
9 (RLIN) 59261
651 24 - PUNTO DE ACCESO ADICIONAL DE MATERIA--NOMBRE GEOGRÁFICO
Nombre geográfico España
9 (RLIN) 115342
655 #4 - TÉRMINO DE INDIZACIÓN--GÉNERO/FORMA
Datos o término principal de género/forma Jurisprudencia comentada
9 (RLIN) 59143
773 0# - ENLACE AL DOCUMENTO FUENTE
Encabezamiento principal En:
Título Cuadernos Civitas de jurisprudencia civil
Lugar editor y fecha de publicación Madrid : 1991
Número de control del registro relacionado 104367
Parte(s) relacionada(s) nº 26, abril-agosto ; p. 403-411
942 ## - ELEMENTOS DE PUNTO DE ACCESO ADICIONAL (KOHA)
Tipo de ítem Koha Artículos de revistas
Existencias
Estado de retiro Estado de pérdida Estado dañado No para préstamo Localización permanente Ubicación/localización actual Fecha de adquisición Precio válido a partir de Tipo de ítem Koha
        Biblioteca Central del Ministerio de la Presidencia Biblioteca Central del Ministerio de la Presidencia 21/04/2012 21/04/2012 Artículos de revistas